[Event "XXXIV Festival A"]
[Site "Arco ITA"]
[Date "2012.10.20"]
[Round "8"]
[White "Facchetti, Gianni"]
[Black "La Manna, Andrea"]
[WhiteElo "2087"]
[BlackElo "2193"]
[Result "1/2-1/2"]
[PlyCount "36"]
[EventDate "2012.10.13"]

1. e4 d5 2. exd5 Nf6 3. d4 Nxd5 4. Be2 g6 5. Nf3 Bg7 6. c3 O-O 7. Na3 Nc6 8.
Nc4 Be6 9. O-O Rc8 10. Ng5 Bf5 11. Bf3 Nb6 12. Ne3 Bd7 13. Ne4 Rb8 14. Nc5 Bc8
15. Bxc6 bxc6 16. Qf3 Qd6 17. Ne4 Qd8 18. Nc5 Qd6 1/2-1/2

[Event "XXXIV Festival A"]
[Site "Arco ITA"]
[Date "2012.10.20"]
[Round "8"]
[White "Galas, Franco"]
[Black "Zangrando, Gianpietro"]
[WhiteElo "1735"]
[BlackElo "1800"]
[Result "1-0"]
[PlyCount "63"]
[EventDate "2012.10.13"]

1. d4 e6 2. Nf3 d5 3. Bf4 c5 4. c3 Nc6 5. e3 Qb6 6. Qc2 Bd7 7. Nbd2 Rc8 8. Ne5
Nf6 9. Nxc6 Bxc6 10. Be2 Bb5 11. Bxb5+ Qxb5 12. a4 Qa6 13. Qb1 Be7 14. Be5 O-O
15. f3 Nd7 16. Bg3 Rfe8 17. Kf2 cxd4 18. exd4 Bf6 19. Qd1 e5 20. Nb3 e4 21. Re1
Bg5 22. f4 Qf6 23. Qg4 Bh6 24. Qxd7 Bxf4 25. Bxf4 Qxf4+ 26. Kg1 Red8 27. Qh3
Rc6 28. Rf1 Qc7 29. Nc5 Rh6 30. Qg3 Qc6 31. Rf4 b6 32. Na6 1-0

[Event "XXXIV Festival A"]
[Site "Arco ITA"]
[Date "2012.10.20"]
[Round "8"]
[White "Gardini, Enrico"]
[Black "Lezzerini, Marco"]
[WhiteElo "1807"]
[BlackElo "1920"]
[Result "1/2-1/2"]
[PlyCount "88"]
[EventDate "2012.10.13"]

1. e4 d6 2. d4 Nf6 3. Bd3 e5 4. c3 d5 5. dxe5 Nxe4 6. Bxe4 dxe4 7. Qa4+ Bd7 8.
Qxe4 Bc6 9. Qg4 h5 10. Qh3 Qd7 11. f3 h4 12. Bf4 Be7 13. Qxd7+ Nxd7 14. Nh3
O-O-O 15. Nd2 Nc5 16. Nf2 Na4 17. O-O-O g5 18. Be3 Rd5 19. Nde4 Rb5 20. Rd2 g4
21. Bd4 Rd8 22. b3 g3 23. hxg3 hxg3 24. Ng4 Bxe4 25. fxe4 Bg5 26. bxa4 Bxd2+
27. Kxd2 Rb2+ 28. Ke3 Rxg2 29. Kf3 Rxa2 30. Kxg3 Rxa4 31. Kf4 b6 32. Rh7 c5 33.
Bf2 Rd7 34. Nf6 Re7 35. Rh8+ Kb7 36. Bh4 Ra1 37. Nd5 Rf1+ 38. Ke3 Rxe5 39. Bg3
Rg5 40. Rb8+ Kc6 41. Bf4 Rh5 42. Rc8+ Kb5 43. Rc7 Re1+ 44. Kf3 Rhh1 1/2-1/2

[Event "XXXIV Festival A"]
[Site "Arco ITA"]
[Date "2012.10.20"]
[Round "8"]
[White "Garvani, Vittorio"]
[Black "Espinosa Cancino, Miguel"]
[WhiteElo "1904"]
[BlackElo "1696"]
[Result "1-0"]
[PlyCount "106"]
[EventDate "2012.10.13"]

1. d4 Nf6 2. c4 e6 3. Nc3 Bb4 4. f3 d5 5. a3 Bxc3+ 6. bxc3 O-O 7. e3 b6 8. Bd3
Ba6 9. cxd5 Bxd3 10. Qxd3 exd5 11. Ne2 Re8 12. O-O Nc6 13. Ng3 Na5 14. Re1 Nb3
15. Rb1 Nxc1 16. Rbxc1 Qd6 17. Ra1 Rad8 18. e4 Qf4 19. e5 Nd7 20. Ne2 Qh6 21.
f4 f6 22. Rf1 fxe5 23. fxe5 Nf8 24. Rf3 Qg6 25. Qa6 Qc2 26. Nf4 Ng6 27. Nxg6
Qxg6 28. Raf1 Re7 29. Qxa7 h6 30. Qa6 Qc2 31. h3 Qb3 32. a4 Qb2 33. R1f2 Qb1+
34. Kh2 Qa1 35. Qb5 Qd1 36. Qc6 Qe1 37. Qg6 Qe4 38. Qxe4 dxe4 39. Re3 c5 40.
Rxe4 cxd4 41. cxd4 Rd5 42. Rb2 Re6 43. Rb5 Rxb5 44. axb5 Kf7 45. Kg3 Re8 46. d5
Rd8 47. Rd4 Ke7 48. Kf3 Ra8 49. Ke4 Ra5 50. d6+ Kd7 51. e6+ Kd8 52. e7+ Ke8 53.
Ke5 Kd7 1-0

[Event "XXXIV Festival A"]
[Site "Arco ITA"]
[Date "2012.10.20"]
[Round "8"]
[White "Gulinelli, Euro"]
[Black "Prelati, Maurizio"]
[WhiteElo "1633"]
[BlackElo "1976"]
[Result "0-1"]
[PlyCount "62"]
[EventDate "2012.10.13"]

1. e4 c5 2. Nf3 g6 3. Nc3 Bg7 4. Bc4 Nc6 5. O-O e6 6. Re1 Nge7 7. a3 O-O 8. Ne2
d5 9. exd5 exd5 10. Ba2 d4 11. d3 h6 12. Ng3 Kh7 13. h3 Nd5 14. Re2 Be6 15. Qe1
Qd7 16. Kh2 Rfe8 17. Bd2 Re7 18. b4 cxb4 19. axb4 Rae8 20. Rb1 Qc7 21. b5 Nd8
22. Kg1 Nc3 23. Bxc3 Bxa2 24. Ra1 Rxe2 25. Nxe2 dxc3 26. Rxa2 Qb6 27. Kf1 Qxb5
28. Qa1 a6 29. Nfd4 Qd5 30. Ra5 Qd6 31. Qxc3 Nc6 0-1

[Event "XXXIV Festival A"]
[Site "Arco ITA"]
[Date "2012.10.20"]
[Round "8"]
[White "Horvath, Csaba"]
[Black "Kveinys, Aloyzas"]
[WhiteElo "2526"]
[BlackElo "2526"]
[Result "1/2-1/2"]
[PlyCount "31"]
[EventDate "2012.10.13"]

1. d4 Nf6 2. c4 e6 3. Nf3 Bb4+ 4. Bd2 a5 5. g3 d6 6. Bg2 Nbd7 7. O-O e5 8. Nc3
c6 9. a3 Bxc3 10. Bxc3 e4 11. Ne1 d5 12. cxd5 cxd5 13. Nc2 O-O 14. a4 Re8 15.
Ne3 Nb8 16. b4 1/2-1/2

[Event "XXXIV Festival A"]
[Site "Arco ITA"]
[Date "2012.10.20"]
[Round "8"]
[White "Joerges, Frank"]
[Black "Fuggetta, Leonardo"]
[WhiteElo "1915"]
[BlackElo "2017"]
[Result "1/2-1/2"]
[PlyCount "73"]
[EventDate "2012.10.13"]

1. d4 d6 2. Nf3 Bg4 3. e3 Nd7 4. c4 c6 5. Nc3 e5 6. Be2 Ngf6 7. O-O Be7 8. b3
O-O 9. Bb2 Qc7 10. Nh4 Bxe2 11. Qxe2 g6 12. g3 Ne8 13. Ng2 Ng7 14. d5 Nh5 15.
e4 f5 16. f3 Qb6+ 17. Kh1 Nc5 18. f4 fxe4 19. Nxe4 Nxe4 20. Qxe4 Nf6 21. Qe2
cxd5 22. fxe5 Ne4 23. Nf4 Ng5 24. Nxd5 Qd8 25. Rxf8+ Qxf8 26. Rf1 Qd8 27. h4
Nf7 28. Nf6+ Bxf6 29. Rxf6 Nxe5 30. Bxe5 dxe5 31. Qxe5 Qd7 32. Rd6 Qh3+ 33. Kg1
Rf8 34. Qe6+ Qxe6 35. Rxe6 Kf7 36. Re2 Rd8 37. Kf2 1/2-1/2

[Event "XXXIV Festival A"]
[Site "Arco ITA"]
[Date "2012.10.20"]
[Round "8"]
[White "Karl, Hans"]
[Black "Beltrami, Nerio"]
[WhiteElo "2141"]
[BlackElo "1926"]
[Result "1-0"]
[PlyCount "53"]
[EventDate "2012.10.13"]

1. e4 g6 2. d4 d6 3. Nc3 Bg7 4. Nf3 c6 5. Bd3 Nd7 6. O-O Ngf6 7. h3 O-O 8. Bg5
h6 9. Be3 e5 10. Qd2 Kh7 11. Rad1 Qe7 12. Rfe1 b6 13. a3 Bb7 14. Bc4 Rfd8 15.
d5 cxd5 16. Bxd5 Nc5 17. Bxb7 Qxb7 18. Bxc5 dxc5 19. Qxd8 Rxd8 20. Rxd8 a6 21.
Nd5 Nh5 22. Rd1 Qc6 23. Nc3 Qf6 24. R8d6 Qf4 25. Rxb6 g5 26. Re1 g4 27. Nd5 1-0

[Event "XXXIV Festival A"]
[Site "Arco ITA"]
[Date "2012.10.20"]
[Round "8"]
[White "Kierzek, Matthias"]
[Black "Antonelli, Fabrizio"]
[WhiteElo "2191"]
[BlackElo "2011"]
[Result "0-1"]
[PlyCount "90"]
[EventDate "2012.10.13"]

1. d4 Nf6 2. c4 g6 3. Nc3 Bg7 4. e4 d6 5. Be2 O-O 6. Bg5 Na6 7. Qc2 h6 8. Bf4
c5 9. d5 e5 10. dxe6 Bxe6 11. O-O-O Qa5 12. Bxd6 Rfe8 13. a3 Ng4 14. Nh3 Ne5
15. Nb5 Nc6 16. Nf4 Nd4 17. Nxd4 Bxd4 18. Bd3 Bg4 19. Rd2 Rad8 20. e5 g5 21.
Nd5 Re6 22. h3 Rexd6 23. exd6 Be6 24. h4 g4 25. Ne7+ Kf8 26. Nf5 Bxf5 27. Bxf5
g3 28. Qe4 Rxd6 29. fxg3 Qa4 30. Qxb7 Be3 31. Rhd1 Qxc4+ 32. Bc2 Qe2 33. Qxa7
Rxd2 34. Rxd2 Qxd2+ 35. Kb1 Qc1+ 36. Ka2 Qxc2 37. Qxa6 Bd4 38. Qxh6+ Kg8 39.
Qg5+ Bg7 40. Qd8+ Kh7 41. Qb6 c4 42. h5 c3 43. Qb3 Qxg2 44. Kb1 Qf1+ 45. Kc2
cxb2 0-1

[Event "XXXIV Festival A"]
[Site "Arco ITA"]
[Date "2012.10.20"]
[Round "8"]
[White "Knors, Rudi"]
[Black "Burnier, David"]
[WhiteElo "2112"]
[BlackElo "2313"]
[Result "0-1"]
[PlyCount "136"]
[EventDate "2012.10.13"]

1. d4 Nf6 2. c4 g6 3. Nc3 d5 4. cxd5 Nxd5 5. g3 Bg7 6. Bg2 Nb6 7. e3 O-O 8.
Nge2 Nc6 9. O-O e5 10. d5 Ne7 11. b3 f5 12. Ba3 e4 13. Rc1 Be5 14. Qd2 Rf6 15.
Rfd1 Bd7 16. f4 exf3 17. Bxf3 Qe8 18. Bc5 Rd8 19. Bd4 Nec8 20. Nf4 g5 21. Ne6
Bxe6 22. Bxe5 Rh6 23. Bd4 Nxd5 24. Nxd5 Bxd5 25. Bxd5+ Rxd5 26. Rxc7 Rd7 27.
Rdc1 Ne7 28. Qc2 Rc6 29. Rxc6 Nxc6 30. Qf2 Qe4 31. Rf1 Rd5 32. Qf3 Qxf3 33.
Rxf3 h6 34. Rf2 Kh7 35. Kg2 Kg6 36. Rd2 g4 37. Rc2 Kf7 38. Bh8 Ke6 39. Re2 Ra5
40. Bc3 Rc5 41. Bg7 h5 42. Bd4 Rc1 43. Bb2 Rb1 44. e4 Nb4 45. exf5+ Kxf5 46.
Bd4 a6 47. Re5+ Kg6 48. Re6+ Kf7 49. Re2 Nd3 50. Bc3 b5 51. Re3 Rd1 52. a3 Nc1
53. Ba5 Rd3 54. Rxd3 Nxd3 55. Bc3 Nc5 56. b4 Ne4 57. Be1 Ke6 58. h3 Kd5 59.
hxg4 hxg4 60. Kf1 Nd6 61. Bd2 Ke4 62. Ke2 Nf5 63. Bf4 Nd4+ 64. Kf2 Kd3 65. Be5
Nf5 66. Bf4 Ne7 67. Bd6 Nd5 68. Be5 Ne3 0-1

[Event "XXXIV Festival A"]
[Site "Arco ITA"]
[Date "2012.10.20"]
[Round "8"]
[White "Leone, Cataldo"]
[Black "Anfuso, Luigi"]
[WhiteElo "1590"]
[BlackElo "1743"]
[Result "1-0"]
[PlyCount "37"]
[EventDate "2012.10.13"]

1. e4 c6 2. d4 d5 3. e5 Bf5 4. Bd3 Bxd3 5. Qxd3 e6 6. Nf3 Ne7 7. Ng5 Ng6 8. Nc3
Be7 9. Nf3 O-O 10. O-O Qc7 11. Bg5 c5 12. Nb5 Qd7 13. Bxe7 Qxe7 14. dxc5 Qxc5
15. Rac1 a6 16. Na3 Nd7 17. Rfe1 Rad8 18. c4 Ndxe5 19. Nxe5 1-0

[Event "XXXIV Festival A"]
[Site "Arco ITA"]
[Date "2012.10.20"]
[Round "8"]
[White "Ludwig, Timm"]
[Black "Thonig, Manfred"]
[WhiteElo "1688"]
[BlackElo "1638"]
[Result "1-0"]
[PlyCount "50"]
[EventDate "2012.10.13"]

1. d4 f5 2. Nf3 Nf6 3. c4 e6 4. Nc3 Bb4 5. a3 Bxc3+ 6. bxc3 Ne4 7. Qc2 b6 8. h4
Bb7 9. Ng5 O-O 10. Rh3 Qf6 11. Bf4 d6 12. f3 Nxg5 13. hxg5 Qf7 14. O-O-O Nd7
15. g4 g6 16. Bd2 Qe8 17. e4 f4 18. Bd3 e5 19. Rdh1 Rf7 20. Be1 Qe7 21. Qh2 Nf8
22. c5 dxc5 23. Bc4 cxd4 24. Rxh7 Qxa3+ 25. Kb1 Qe7 1-0

[Event "XXXIV Festival A"]
[Site "Arco ITA"]
[Date "2012.10.20"]
[Round "8"]
[White "Maddaloni, Giovanni"]
[Black "Espinosa Cancino, Monica"]
[WhiteElo "1762"]
[BlackElo "1530"]
[Result "0-1"]
[PlyCount "84"]
[EventDate "2012.10.13"]

1. e4 d5 2. exd5 Qxd5 3. Qf3 Nf6 4. Nc3 Qxf3 5. Nxf3 Bf5 6. Bc4 e6 7. d3 Bd6 8.
h3 h6 9. O-O c6 10. Re1 Nbd7 11. a3 O-O 12. b4 Rfd8 13. Bb2 b5 14. Bb3 a5 15.
Nd4 axb4 16. axb4 Rac8 17. Ra6 Nb8 18. Ra7 Nbd7 19. Rea1 Bxb4 20. Nxf5 exf5 21.
Ne2 Rf8 22. Nd4 Bc5 23. Rb7 f4 24. Nf5 Rcd8 25. Rc7 Rc8 26. Rxd7 Nxd7 27. Bxg7
Rfe8 28. Bb2 Bf8 29. Kf1 Ra8 30. Rxa8 Rxa8 31. Ke2 Nc5 32. Kf3 Nxb3 33. cxb3
Ra2 34. Be5 Ra3 35. Kxf4 Rxb3 36. Ke3 c5 37. Kd2 Ra3 38. g4 b4 39. f4 Ra2+ 40.
Kc1 Rg2 41. Ne3 Rg3 42. Nd5 Bg7 0-1

[Event "XXXIV Festival A"]
[Site "Arco ITA"]
[Date "2012.10.20"]
[Round "8"]
[White "Martinez, Guido"]
[Black "Zanin, Luca"]
[WhiteElo "1843"]
[BlackElo "1615"]
[Result "0-1"]
[PlyCount "62"]
[EventDate "2012.10.13"]

1. d4 Nf6 2. c4 e6 3. Nc3 Bb4 4. Qc2 d5 5. a3 Be7 6. Bf4 a6 7. e3 O-O 8. Nf3 c5
9. Rc1 cxd4 10. exd4 dxc4 11. Bxc4 b5 12. Ba2 Bb7 13. Rd1 Bxf3 14. gxf3 Re8 15.
O-O Qc8 16. Qe2 Nbd7 17. Rc1 Qb7 18. Rfe1 Rac8 19. b4 Qb6 20. Qd3 Nf8 21. Ne4
Red8 22. Be5 N6d7 23. Rxc8 Nxe5 24. Qc3 Rxc8 25. Qxc8 Nxf3+ 26. Kf1 Nxe1 27.
Kxe1 Qxd4 28. Qc2 Qe5 29. f3 f5 30. Qc3 Qxh2 31. Qd2 Qh1+ 0-1

[Event "XXXIV Festival A"]
[Site "Arco ITA"]
[Date "2012.10.20"]
[Round "8"]
[White "Moratto, Davide"]
[Black "Machlik, Jon"]
[WhiteElo "1854"]
[BlackElo "1732"]
[Result "0-1"]
[PlyCount "55"]
[EventDate "2012.10.13"]

1. Nf3 f5 2. g3 Nf6 3. Bg2 g6 4. b3 Bg7 5. Bb2 O-O 6. c4 d6 7. O-O e5 8. d3 Nc6
9. e4 Bh6 10. Nbd2 Be6 11. Re1 Nb4 12. Nf1 c5 13. Ne3 fxe4 14. dxe4 Nxe4 15.
Nd5 Bxd5 16. a3 Bc6 17. axb4 cxb4 18. Nxe5 Rxf2 19. Bxe4 Rxb2 20. Nxc6 bxc6 21.
Bxc6 Qb6+ 22. Kh1 Qxc6+ 23. Qd5+ Qxd5+ 24. cxd5 Rxb3 25. Re6 Bg7 26. Ra6 Be5
27. Re7 Ra3 28. Rc6 0-1

[Event "XXXIV Festival A"]
[Site "Arco ITA"]
[Date "2012.10.20"]
[Round "8"]
[White "Morselli, Stefano"]
[Black "Goli, Daniele"]
[WhiteElo "1905"]
[BlackElo "1986"]
[Result "1-0"]
[PlyCount "64"]
[EventDate "2012.10.13"]

1. Nf3 d5 2. g3 g6 3. Bg2 Bg7 4. O-O Nf6 5. d3 O-O 6. Nbd2 c6 7. Re1 Nbd7 8. e4
dxe4 9. dxe4 e5 10. Nc4 Qe7 11. b3 b6 12. Ba3 c5 13. Bb2 Rd8 14. Qe2 Ne8 15.
Ne3 Bb7 16. Nd5 Qf8 17. c4 f6 18. Rad1 Qf7 19. Rd3 Nf8 20. Red1 Ne6 21. Qd2 Ba6
22. Bh3 Nd4 23. Nxd4 cxd4 24. f4 Bc8 25. Bxc8 Raxc8 26. fxe5 fxe5 27. Rf1 Qe6
28. Rdf3 Nd6 29. Qd3 Rf8 30. Ba3 Rxf3 31. Rxf3 Nf7 32. Ne7+ Kh8 1-0

[Event "XXXIV Festival A"]
[Site "Arco ITA"]
[Date "2012.10.20"]
[Round "8"]
[White "Nanni, Sergio"]
[Black "Overney, Luca"]
[WhiteElo "1694"]
[BlackElo "1788"]
[Result "0-1"]
[PlyCount "72"]
[EventDate "2012.10.13"]

1. e4 Nf6 2. Nc3 d5 3. e5 d4 4. exf6 dxc3 5. bxc3 gxf6 6. d4 e5 7. Bc4 Nc6 8.
a4 exd4 9. Ne2 dxc3 10. Qxd8+ Nxd8 11. Nxc3 c6 12. O-O Be6 13. Re1 Bb4 14. Bb2
O-O 15. Bd3 Bd7 16. Re4 a5 17. Rh4 f5 18. Rh5 Be7 19. Bxf5 Bxf5 20. Rxf5 Ne6
21. Ne4 Rfd8 22. Nf6+ Bxf6 23. Bxf6 Rd2 24. Rf3 Rxc2 25. Rd1 Rc4 26. h4 Rxa4
27. Be7 Rg4 28. Rd7 b5 29. Bd6 Rd8 30. Rfxf7 Rxd7 31. Rxd7 Rd4 32. f4 Nxf4 33.
Rd8+ Kf7 34. Rf8+ Kg7 35. Rd8 Kg6 36. g3 Ne6 0-1

[Event "XXXIV Festival A"]
[Site "Arco ITA"]
[Date "2012.10.20"]
[Round "8"]
[White "Naumkin, Igor"]
[Black "Drasko, Milan"]
[WhiteElo "2480"]
[BlackElo "2471"]
[Result "1/2-1/2"]
[PlyCount "32"]
[EventDate "2012.10.13"]

1. d4 Nf6 2. c4 e6 3. Nf3 Bb4+ 4. Bd2 c5 5. Bxb4 cxb4 6. g3 O-O 7. Bg2 d6 8.
O-O Nc6 9. a3 bxa3 10. Rxa3 e5 11. Nc3 Bg4 12. d5 Bxf3 13. Bxf3 Nb4 14. Qd2 a5
15. Bg2 Nd7 16. Nb5 Nc5 1/2-1/2

[Event "XXXIV Festival A"]
[Site "Arco ITA"]
[Date "2012.10.20"]
[Round "8"]
[White "Niccoli, Paolo"]
[Black "Herold, Hansjoerg"]
[WhiteElo "1915"]
[BlackElo "2043"]
[Result "0-1"]
[PlyCount "166"]
[EventDate "2012.10.13"]

1. e4 e5 2. Nf3 Nf6 3. Nxe5 d6 4. Nf3 Nxe4 5. Nc3 Nxc3 6. dxc3 Be7 7. Be3 Bf6
8. Qd2 Bf5 9. O-O-O Nc6 10. Bc4 O-O 11. h4 Bg4 12. Bd3 Bxf3 13. gxf3 Ne5 14.
Be2 Re8 15. Rdg1 d5 16. b3 Qd6 17. Kb1 a5 18. f4 Ng6 19. Bd3 c5 20. h5 Nf8 21.
Bb5 Red8 22. f5 d4 23. cxd4 cxd4 24. Bh6 Kh8 25. Bf4 Qb4 26. Qd3 Qc3 27. Bg5
Qxd3 28. Bxd3 Bxg5 29. Rxg5 f6 30. Rg4 Rac8 31. Rhg1 Rc7 32. h6 Rdd7 33. Re4
Rd8 34. hxg7+ Rxg7 35. Rxg7 Kxg7 36. Re7+ Kh6 37. Rxb7 Rd5 38. f4 Kh5 39. Rf7
Nd7 40. Rxh7+ Kg4 41. Rf7 Kxf4 42. Bc4 Rd6 43. Be6 Nc5 44. Rxf6 d3 45. cxd3
Nxd3 46. Rh6 Ke5 47. f6 Rxe6 48. f7 Rxh6 49. f8=Q Rh1+ 50. Kc2 Nb4+ 51. Kd2
Rh2+ 52. Ke3 Rxa2 53. Qe7+ Kd5 54. Qe4+ Kc5 55. Qc4+ Kb6 56. Ke4 Rc2 57. Qd4+
Ka6 58. Qd6+ Rc6 59. Qb8 Re6+ 60. Kf5 Rb6 61. Qa8+ Kb5 62. Ke4 Nc6 63. Kd5 Nb4+
64. Kd4 Nc6+ 65. Kd3 Rb8 66. Qxb8+ Nxb8 67. Kc3 Nc6 68. Kb2 Kb4 69. Ka2 Nd4 70.
Kb2 Nxb3 71. Ka2 Nc5 72. Kb2 Ne4 73. Ka2 Nc3+ 74. Kb2 Nb5 75. Ka2 a4 76. Kb2
Kc4 77. Ka2 Kc3 78. Kb1 Kb3 79. Ka1 Nd4 80. Kb1 Nc2 81. Kc1 a3 82. Kd2 a2 83.
Kd3 a1=Q 0-1

[Event "XXXIV Festival A"]
[Site "Arco ITA"]
[Date "2012.10.20"]
[Round "8"]
[White "Nordstrom, Hakon N."]
[Black "Dobboletta, Alex"]
[WhiteElo "1780"]
[BlackElo "1995"]
[Result "0-1"]
[PlyCount "80"]
[EventDate "2012.10.13"]

1. d4 Nf6 2. Bg5 c6 3. Bxf6 gxf6 4. e3 d5 5. c4 Bf5 6. Nc3 e6 7. f3 Qb6 8. Qb3
Qxb3 9. axb3 Bc2 10. c5 Bxb3 11. Bd3 Bh6 12. Kf2 Nd7 13. Nb1 b5 14. Nd2 Bc4 15.
Bc2 b4 16. Nxc4 dxc4 17. Ba4 Rc8 18. Rc1 c3 19. bxc3 e5 20. Ne2 exd4 21. cxd4
O-O 22. Ng3 Rfe8 23. Nf5 Bf8 24. Rc4 a5 25. Rhc1 Rc7 26. f4 Nb8 27. Kf3 Na6 28.
Nd6 Re6 29. e4 Bxd6 30. f5 Bf4 31. Kxf4 Re8 32. d5 Rb8 33. Bxc6 b3 34. Rb1 Nb4
35. Ba4 Rxc5 36. Rxc5 Nd3+ 37. Ke3 Nxc5 38. Bxb3 a4 39. Kd4 a3 40. Kxc5 a2 0-1

[Event "XXXIV Festival A"]
[Site "Arco ITA"]
[Date "2012.10.20"]
[Round "8"]
[White "Oltramari, Silvano"]
[Black "Espinosa Cancino, Cristina"]
[WhiteElo "1742"]
[BlackElo "1479"]
[Result "1-0"]
[PlyCount "143"]
[EventDate "2012.10.13"]

1. b4 d5 2. Bb2 Bf5 3. Nf3 Nd7 4. e3 Ngf6 5. c4 e6 6. c5 c6 7. d4 b6 8. Be2
bxc5 9. dxc5 Rb8 10. a3 Be7 11. Nbd2 Qc7 12. Nb3 e5 13. Bc3 Ne4 14. Rc1 Nxc3
15. Rxc3 Bf6 16. Na5 Rd8 17. h3 O-O 18. O-O Nb8 19. Rc1 d4 20. exd4 exd4 21.
Bd3 Bxd3 22. Qxd3 Rfe8 23. Nc4 Re6 24. Rce1 Rxe1 25. Rxe1 Nd7 26. Nd6 Nf8 27.
Nxd4 Rd7 28. N4f5 Ne6 29. g3 g6 30. Nh6+ Kf8 31. Qf3 Bg7 32. Ng4 Re7 33. Qb3
Nd4 34. Rxe7 Qxe7 35. Qe3 Qxe3 36. Nxe3 f5 37. Nc8 a6 38. Nd6 Ke7 39. f4 Ne2+
40. Kg2 Bb2 41. Ndc4 Bf6 42. h4 Nd4 43. Kf2 Ke6 44. Na5 Bd8 45. Nac4 Bc7 46.
Ke1 Nb3 47. Nd2 Nxd2 48. Kxd2 a5 49. Kc3 Bd8 50. Kc4 h6 51. b5 cxb5+ 52. Kxb5
Kd7 53. Nc4 Kc7 54. Nxa5 Kd7 55. Nc4 Kc7 56. Ne5 g5 57. h5 gxf4 58. gxf4 Bf6
59. a4 Kb7 60. Nc4 Kc7 61. Nd6 Bg7 62. Nxf5 Bf8 63. a5 Kb7 64. Nd6+ Kc7 65. a6
Kb8 66. f5 Be7 67. Nf7 Bf8 68. Kb6 Ka8 69. c6 Kb8 70. a7+ Ka8 71. c7 Bc5+ 72.
Ka6 1-0

[Event "XXXIV Festival A"]
[Site "Arco ITA"]
[Date "2012.10.20"]
[Round "8"]
[White "Pedrotti, Luciano"]
[Black "Perich, Stefano"]
[WhiteElo "1811"]
[BlackElo "1871"]
[Result "0-1"]
[PlyCount "122"]
[EventDate "2012.10.13"]

1. e4 g6 2. Nf3 d6 3. c3 Bg7 4. d4 e6 5. Be2 Nd7 6. O-O Ne7 7. d5 e5 8. Bb5 O-O
9. Be3 Nf6 10. Nbd2 Ng4 11. Bg5 h6 12. Bh4 g5 13. Bg3 Ng6 14. h3 Nf6 15. h4 g4
16. Nh2 Nf4 17. f3 N4h5 18. Qe1 Nxg3 19. Qxg3 Nh5 20. Qe1 g3 21. Ng4 Qxh4 22.
Rf2 Bxg4 23. fxg4 gxf2+ 24. Qxf2 Qxf2+ 25. Kxf2 Nf4 26. g3 Nh3+ 27. Ke3 Rad8
28. Nf3 Ng5 29. Nh4 f6 30. Rh1 Kf7 31. Nf5 Rh8 32. Be2 Nh7 33. Rh5 Nf8 34. c4
a5 35. Kf3 Nd7 36. Ne3 Nc5 37. b3 Ra8 38. Nc2 Bf8 39. Na3 Ke7 40. Nb5 Kd7 41.
Nc3 Rg8 42. Nd1 Re8 43. Ne3 Na6 44. Bd3 a4 45. c5 Nxc5 46. Bb5+ c6 47. dxc6+
bxc6 48. Nd5 cxb5 49. Nxf6+ Ke7 50. Nxg8+ Kf7 51. Nxh6+ Bxh6 52. Rxh6 axb3 53.
axb3 Nxb3 54. Rxd6 Nd4+ 55. Kg2 Rb8 56. g5 b4 57. Kh3 b3 58. Rf6+ Kg7 59. Rf1
b2 60. Rb1 Ne2 61. Kg4 Kg6 0-1

[Event "XXXIV Festival A"]
[Site "Arco ITA"]
[Date "2012.10.20"]
[Round "8"]
[White "Pipitone, Antonio"]
[Black "Mombelli, Antonio"]
[WhiteElo "1940"]
[BlackElo "1799"]
[Result "1-0"]
[PlyCount "75"]
[EventDate "2012.10.13"]

1. e4 d6 2. d4 Nf6 3. Nc3 g6 4. Nf3 Bg7 5. Be3 c6 6. Bd3 O-O 7. h3 b5 8. a3 Bb7
9. Qd2 a6 10. O-O Nbd7 11. Rfe1 e5 12. Rad1 Qc7 13. Bh6 Rad8 14. Bxg7 Kxg7 15.
b4 c5 16. bxc5 dxc5 17. d5 Ne8 18. Qg5 f6 19. Qg4 Nd6 20. h4 Bc8 21. h5 c4 22.
Bf1 Nc5 23. Qg3 Qf7 24. Nh4 g5 25. h6+ Kxh6 26. Qe3 Nd7 27. Nf5+ Nxf5 28. exf5
Nb8 29. g4 Qc7 30. Bg2 Nd7 31. Ne4 Kg7 32. Qh3 Bb7 33. Re3 Rf7 34. Qh5 Nf8 35.
Rh3 Bxd5 36. Qh6+ Kh8 37. Nxg5 fxg5 38. Bxd5 1-0

[Event "XXXIV Festival A"]
[Site "Arco ITA"]
[Date "2012.10.20"]
[Round "8"]
[White "Pomini, Aurelien"]
[Black "Arvola, Benjamin"]
[WhiteElo "2012"]
[BlackElo "2296"]
[Result "0-1"]
[PlyCount "120"]
[EventDate "2012.10.13"]

1. e4 e5 2. Nf3 Nc6 3. Bc4 Nf6 4. d4 exd4 5. e5 Ng4 6. O-O Be7 7. Bf4 d6 8.
exd6 Bxd6 9. Re1+ Ne7 10. Qxd4 Bxf4 11. Qxf4 O-O 12. Nc3 Ng6 13. Qg3 c6 14.
Rad1 Qb6 15. h3 Qxb2 16. Ng5 Nh6 17. h4 Bg4 18. Rd4 Nf5 19. Qxg4 Qxc3 20. Rde4
Nh6 21. Qd7 b5 22. Bb3 Nxh4 23. Nxf7 Nxf7 24. Qxf7+ Kh8 25. Re8 Qxe1+ 26. Rxe1
Rxf7 27. Bxf7 Nf5 28. Be8 b4 29. Bxc6 Rd8 30. Re8+ Rxe8 31. Bxe8 g6 32. f3 Kg7
33. Kf2 Kf6 34. g4 Nd4 35. Ba4 Ke5 36. Ke3 Ne6 37. Bb3 Nf4 38. Bg8 h5 39. gxh5
gxh5 40. Bc4 h4 41. Bf1 h3 42. Bxh3 Nxh3 43. c3 bxc3 44. Kd3 Ng5 45. f4+ Kxf4
46. Kxc3 Ke5 47. Kc4 Kd6 48. Kb5 Kc7 49. Kc5 Kb7 50. Kb5 Ne6 51. Kc4 Kc6 52.
Kb4 Kb6 53. Kc4 Nc5 54. Kb4 a5+ 55. Kc4 Kc6 56. Kd4 Kb5 57. Kc3 Ka4 58. Kb2 Kb4
59. Kb1 Ka3 60. Ka1 Na6 0-1

[Event "XXXIV Festival A"]
[Site "Arco ITA"]
[Date "2012.10.20"]
[Round "8"]
[White "Rizzo, Giuseppe"]
[Black "Pieri, Enzo"]
[WhiteElo "1761"]
[BlackElo "1740"]
[Result "1-0"]
[PlyCount "73"]
[EventDate "2012.10.13"]

1. d4 d5 2. Nf3 Nf6 3. e3 g6 4. c4 c6 5. Nc3 Bg7 6. Be2 O-O 7. O-O Nbd7 8. b3
Re8 9. Ne5 Ne4 10. Nxe4 Nxe5 11. Nc3 Nd7 12. cxd5 Qa5 13. Bd2 cxd5 14. Nb5 Qd8
15. Rc1 Rb8 16. Nxa7 e5 17. Nb5 exd4 18. exd4 Nf6 19. Bf4 Ra8 20. a4 Re4 21.
Bc7 Qd7 22. Bf3 Re6 23. Be5 Rc6 24. Qe2 Raa6 25. Rc2 Rxc2 26. Qxc2 Rc6 27. Qd3
Ne8 28. Na7 Rb6 29. Nxc8 Qxc8 30. Bxg7 Nxg7 31. Bxd5 Qd7 32. Bc4 Nf5 33. d5 Rd6
34. Rd1 Ne7 35. a5 Nc6 36. Qc3 Qf5 37. Re1 1-0

[Event "XXXIV Festival A"]
[Site "Arco ITA"]
[Date "2012.10.20"]
[Round "8"]
[White "Russo, Carmelo"]
[Black "Mulone, Gaspare"]
[WhiteElo "1751"]
[BlackElo "1590"]
[Result "1-0"]
[PlyCount "110"]
[EventDate "2012.10.13"]

1. d4 d5 2. c4 e6 3. Nc3 Nf6 4. cxd5 exd5 5. Bg5 c6 6. e3 Be7 7. Qc2 O-O 8. Nf3
Nbd7 9. Bd3 g6 10. O-O Re8 11. Rac1 Nb6 12. Ne5 Be6 13. a3 Nfd7 14. Bxe7 Qxe7
15. f4 f5 16. b4 Nc8 17. Qb2 Nd6 18. Nd1 Nf6 19. b5 Nxb5 20. Bxb5 cxb5 21. Qxb5
Ne4 22. a4 Rec8 23. Nd3 Rxc1 24. Nxc1 Qd7 25. Qb4 Rc8 26. Nd3 Qc7 27. N1f2 Nxf2
28. Rxf2 b6 29. Qa3 Kf7 30. Ne5+ Ke8 31. Re2 Qc1+ 32. Qxc1 Rxc1+ 33. Kf2 Ra1
34. Rc2 Rxa4 35. Rc6 Ke7 36. Rc7+ Kf6 37. Rxh7 b5 38. Rb7 b4 39. Nd3 a5 40. Rb6
Ke7 41. Nc5 Ra2+ 42. Kf3 Bf7 43. Ra6 Be8 44. Ra7+ Kd6 45. Nb7+ Kc6 46. Nc5 Kb5
47. Ra8 a4 48. Rxe8 b3 49. Rb8+ Kc4 50. Rc8 Kb4 51. Nd3+ Ka3 52. Rc3 Rc2 53.
Rxc2 bxc2 54. Ke2 Ka2 55. Kd2 a3 1-0

[Event "XXXIV Festival A"]
[Site "Arco ITA"]
[Date "2012.10.20"]
[Round "8"]
[White "Salati, Paolo"]
[Black "Vaccari, Giorgio"]
[WhiteElo "1887"]
[BlackElo "1671"]
[Result "1-0"]
[PlyCount "55"]
[EventDate "2012.10.13"]

1. e4 e5 2. Nf3 Nc6 3. Bc4 Bc5 4. c3 Nf6 5. d3 d6 6. h3 h6 7. O-O O-O 8. a4 a5
9. Nbd2 Ne7 10. Re1 Ng6 11. Nf1 c6 12. Ba2 Bd7 13. Bd2 Qc8 14. d4 Bb6 15. Kh2
Qc7 16. Ng3 Rae8 17. Be3 d5 18. dxe5 Bxe3 19. Rxe3 Nxe5 20. exd5 Nxf3+ 21. Qxf3
Rxe3 22. Qxe3 cxd5 23. Bb3 Re8 24. Qd3 Bc6 25. Kg1 g6 26. Rd1 Qd7 27. Qd4 Qe7
28. Bc2 $138 1-0